Le peuple / (Record no. 159603)

MARC details
000 -LEADER
campo de control de longitud fija 00557nam a22001815i 4500
001 - NÚMERO DE CONTROL
campo de control 159603
003 - IDENTIFICADOR DE NÚMERO DE CONTROL
campo de control ES-MaACL
005 - FECHA Y HORA DE LA ÚLTIMA TRANSACCIÓN
campo de control 20250821063059.0
008 - DATOS DE LONGITUD FIJA--INFORMACIÓN GENERAL
campo de control de longitud fija 040916s1866 fr |||| | fre d
040 ## - FUENTE DE CATALOGACIÓN
Centro catalogador/agencia de origen CAM
Lengua de catalogación spa
Centro/agencia transcriptor CAM
100 1# - ENTRADA PRINCIPAL--NOMBRE DE PERSONA
Nombre de persona Michelet, Jules,
Fechas asociadas al nombre 1798-1874
9 (RLIN) 80919
245 13 - MENCIÓN DEL TÍTULO
Título Le peuple /
Mención de responsabilidad, etc. J. Michelet.
250 ## - MENCION DE EDICION
Mención de edición 4e éd.
260 ## - PUBLICACIÓN, DISTRIBUCIÓN, ETC.
Lugar de publicación, distribución, etc. Paris :
Nombre del editor, distribuidor, etc. Librairie Chamerot et Lauwereyns,
Fecha de publicación, distribución, etc. 1866 (
Fabricante Imp. Simon Raçon et Comp.)
300 ## - DESCRIPCIÓN FÍSICA
Extensión XXXIX, 319 p. ;
Dimensiones 18 cm.
852 ## - LOCALIZACIÓN
Ubicación ES-MaACL
Número de control de estantería G-10302
Nota libre -- Enc. hol.
Holdings
Estatus retirado Estado de pérdida Estado de daño No para préstamo Colección Biblioteca de origen Biblioteca actual Ubicación en estantería Fecha de adquisición Fuente de adquisición Total de préstamos Signatura topográfica completa Código de barras Visto por última vez Precio de reemplazo Tipo de ítem Koha
        Libros del s. XIX Biblioteca del Ateneo de Madrid Biblioteca del Ateneo de Madrid Sala Pecera Planta 3 17/01/2008     G-10302 1167083 23/02/2023 23/02/2023 Libro impreso antiguo